[Event "Nittenau-ch 5th"]
[Site "Nittenau"]
[Date "2005.09.03"]
[Round "4"]
[White "Pernpeintner, Simon"]
[Black "Kammer, Thomas"]
[Result "0-1"]
[WhiteElo "1336"]
[BlackElo "1928"]
[PlyCount "102"]
[EventDate "2005.09.01"]
[EventType "swiss"]
[EventRounds "7"]
[EventCountry "GER"]
[SourceTitle "EXT 2008"]
[Source "ChessBase"]
[SourceDate "2007.11.25"]
[SourceVersion "1"]
[SourceVersionDate "2007.11.25"]
[SourceQuality "1"]

1. e4 c5 2. c3 d5 3. exd5 Qxd5 4. d4 Nc6 5. Nf3 Bg4 6. Be3 cxd4 7. cxd4 e6 8. Be2 Nf6 9. 0-0 Be7 10. Nc3 Qa5 11. a3 0-0 12. Qc2 Rfd8 13. Rfd1 Rac8 14. Rac1 Nd5 15. Bd2 Qc7 16. Nxd5 Rxd5 17. Bc3 Bf6 18. Qb3 Rcd8 19. Qa4 a6 20. Rd2 g6 21. h3 Bxf3 22. Bxf3 Bg5 23. Bxd5 Rxd5 24. Qd1 Bxd2 25. Qxd2 Qd8 26. Rd1 e5 27. Qe2 exd4 28. Bd2 Qe7 29. Qxe7 Nxe7 30. Kf1 Nc6 31. Ke2 f5 32. Kd3 Ne5+ 33. Kc2 Kf7 34. f4 Nc6 35. Re1 b5 36. b4 Rd6 37. Kd3 Re6 38. Rxe6 Kxe6 39. Bc1 Kd5 40. Bb2 a5 41. bxa5 Nxa5 42. Bxd4 Nc4 43. Bf2 Nxa3 44. Bd4 b4 45. Bb2 Nc4 46. Bc1 b3 47. Kc3 b2 48. Bxb2 Nxb2 49. Kxb2 Ke4 50. Kc3 Kxf4 51. Kd3 Kg3 0-1

[Event "Oberpfalz-ch M1"]
[Site "Schwarzenfeld"]
[Date "2005.??.??"]
[Round "1"]
[White "Kammer, Thomas"]
[Black "Franz, Gerhard"]
[Result "0-1"]
[WhiteElo "1905"]
[BlackElo "2132"]
[PlyCount "54"]
[EventDate "2005.03.19"]
[EventType "swiss"]
[EventRounds "8"]
[EventCountry "GER"]
[SourceTitle "EXT 2022"]
[Source "ChessBase"]
[SourceDate "2021.10.06"]
[SourceVersion "1"]
[SourceVersionDate "2021.10.06"]
[SourceQuality "1"]

1. e4 c5 2. c3 d5 3. exd5 Qxd5 4. d4 e5 5. dxe5 Qxe5+ 6. Be2 Nc6 7. Nf3 Qc7 8. 0-0 Nf6 9. Na3 a6 10. Bg5 Be7 11. Bh4 Bf5 12. Bg3 Qd7 13. Nc4 0-0 14. Qxd7 Nxd7 15. Nd6 Bxd6 16. Bxd6 Rfe8 17. Rfe1 Re6 18. Rad1 Bg4 19. h3 Rae8 20. Kf1 Bh5 21. g4 Bg6 22. Ng5 Rf6 23. Bc4 Rxe1+ 24. Kxe1 h6 25. h4 hxg5 26. hxg5 Rf3 27. Bd5 Rd3 0-1

[Event "Oberpfalz-ch M1"]
[Site "Schwarzenfeld"]
[Date "2005.??.??"]
[Round "2"]
[White "Kanewski, Josef"]
[Black "Kammer, Thomas"]
[Result "1/2-1/2"]
[WhiteElo "2145"]
[BlackElo "1905"]
[PlyCount "50"]
[EventDate "2005.03.19"]
[EventType "swiss"]
[EventRounds "8"]
[EventCountry "GER"]
[SourceTitle "EXT 2022"]
[Source "ChessBase"]
[SourceDate "2021.10.06"]
[SourceVersion "1"]
[SourceVersionDate "2021.10.06"]
[SourceQuality "1"]

1. d4 f5 2. e4 fxe4 3. Nc3 Nf6 4. Bg5 Nc6 5. f3 d5 6. Bxf6 exf6 7. fxe4 Bb4 8. Qh5+ g6 9. Qxd5 Qxd5 10. exd5 Nxd4 11. 0-0-0 Bxc3 12. bxc3 Nf5 13. Nf3 0-0 14. c4 Bd7 15. Bd3 Kf7 16. Bxf5 Bxf5 17. Rhf1 Rfe8 18. Nd4 Bg4 19. Rd2 Re4 20. c3 Rae8 21. Kc2 Be2 22. Nxe2 Rxe2 23. Rf2 R2e4 24. Rd4 Re2+ 25. Rd2 R2e4 1/2-1/2

[Event "Oberpfalz-ch M1"]
[Site "Schwarzenfeld"]
[Date "2005.??.??"]
[Round "4"]
[White "Paar, Johannes"]
[Black "Kammer, Thomas"]
[Result "1/2-1/2"]
[WhiteElo "1836"]
[BlackElo "1905"]
[PlyCount "52"]
[EventDate "2005.03.19"]
[EventType "swiss"]
[EventRounds "8"]
[EventCountry "GER"]
[SourceTitle "EXT 2022"]
[Source "ChessBase"]
[SourceDate "2021.10.06"]
[SourceVersion "1"]
[SourceVersionDate "2021.10.06"]
[SourceQuality "1"]

1. e4 e6 2. d4 d5 3. Nd2 Nf6 4. e5 Nfd7 5. c3 c5 6. Bd3 Nc6 7. Ndf3 cxd4 8. cxd4 Qb6 9. Ne2 f6 10. exf6 Nxf6 11. 0-0 Bd6 12. Bf4 Bxf4 13. Nxf4 0-0 14. Qd2 Ne4 15. Qe3 Qxb2 16. Bxe4 dxe4 17. Qxe4 e5 18. dxe5 Bf5 19. Qc4+ Kh8 20. Rfe1 Rae8 21. Rad1 Nxe5 22. Nxe5 Rxe5 23. Qf7 Rxe1+ 24. Rxe1 Qb4 25. Qe7 Qxe7 26. Rxe7 Rb8 1/2-1/2

[Event "Nittenau-ch 2nd"]
[Site "Nittenau"]
[Date "2002.09.22"]
[Round "4"]
[White "Kammer, Thomas"]
[Black "Wiesgickl, Gerhard"]
[Result "1-0"]
[WhiteElo "1983"]
[BlackElo "1890"]
[PlyCount "121"]
[EventDate "2002.09.20"]
[EventType "swiss"]
[EventRounds "5"]
[EventCountry "GER"]
[SourceTitle "EXT 2008"]
[Source "ChessBase"]
[SourceDate "2007.11.25"]
[SourceVersion "1"]
[SourceVersionDate "2007.11.25"]
[SourceQuality "1"]

1. e4 c5 2. c3 d5 3. exd5 Qxd5 4. d4 Nc6 5. Nf3 e5 6. dxe5 Qxd1+ 7. Kxd1 Bg4 8. Bf4 Nge7 9. Be2 Ng6 10. Bg3 0-0-0+ 11. Kc2 Bxf3 12. Bxf3 Ngxe5 13. Be4 g6 14. Re1 Bg7 15. Nd2 f5 16. Bxc6 Nxc6 17. Nc4 Rd5 18. Rad1 Rxd1 19. Rxd1 Bf8 20. a4 Be7 21. Re1 Rd8 22. a5 g5 23. Be5 Rd5 24. Bg7 Kc7 25. Ne3 Rd7 26. Nxf5 Bd8 27. Be5+ Nxe5 28. Rxe5 Kc6 29. b4 b6 30. axb6 axb6 31. bxc5 bxc5 32. Ne3 Ra7 33. Rf5 Ra4 34. Rf8 Bc7 35. h3 h5 36. Rf5 Bf4 37. Kd3 Ra2 38. g3 Bxe3 39. fxe3 Rh2 40. Rxg5 Rxh3 41. Kc4 Kd6 42. e4 h4 43. Rd5+ Ke6 44. gxh4 Rxh4 45. Kxc5 Rxe4 46. c4 Re1 47. Rd2 Rc1 48. Kb5 Rb1+ 49. Kc6 Rc1 50. c5 Ke7 51. Kb6 Rb1+ 52. Kc7 Rc1 53. c6 Rc3 54. Kb7 Rb3+ 55. Kc8 Rc3 56. c7 Rc1 57. Rd5 Ke6 58. Rb5 Kd6 59. Rb7 Rh1 60. Kb8 Rh8+ 61. c8Q 1-0

[Event "Nittenau-ch 2nd"]
[Site "Nittenau"]
[Date "2002.09.20"]
[Round "1"]
[White "Schwarzfischer, Juergen"]
[Black "Kammer, Thomas"]
[Result "0-1"]
[WhiteElo "1575"]
[BlackElo "1983"]
[PlyCount "52"]
[EventDate "2002.09.20"]
[EventType "swiss"]
[EventRounds "5"]
[EventCountry "GER"]
[SourceTitle "EXT 2008"]
[Source "ChessBase"]
[SourceDate "2007.11.25"]
[SourceVersion "1"]
[SourceVersionDate "2007.11.25"]
[SourceQuality "1"]

1. Nf3 f5 2. c4 Nf6 3. Nc3 d6 4. d4 g6 5. e3 Bg7 6. Bd3 0-0 7. 0-0 Qe8 8. Qc2 e5 9. dxe5 dxe5 10. Be2 c6 11. b4 Nbd7 12. Bb2 e4 13. Ng5 Ne5 14. Rfd1 h6 15. Nh3 Neg4 16. c5 g5 17. Bc4+ Kh7 18. Ne2 Ne5 19. Rd6 Qe7 20. Ng3 Ne8 21. Nh5 Nxc4 22. Bxg7 Nxg7 23. Nxg7 Qxg7 24. Rad1 Nxd6 25. Rxd6 Be6 26. Rxe6 Qa1+ 0-1